QUEST Central Library Banner

Programming Through Fortran 77 (Record no. 8720)

MARC details
000 -LEADER
fixed length control field 00303nam a2200121 4500
082 ## - DEWEY DECIMAL CLASSIFICATION NUMBER
Classification number 005.133PAT
100 ## - MAIN ENTRY--AUTHOR NAME
Personal name Patel, B.C
245 ## - TITLE STATEMENT
Title Programming Through Fortran 77
260 ## - PUBLICATION, DISTRIBUTION, ETC. (IMPRINT)
Place of publication New Delhi
Name of publisher BPB Publications,
Year of publication 1998.
300 ## - PHYSICAL DESCRIPTION
Number of Pages 206p. ;
650 ## - SUBJECT ADDED ENTRY--TOPICAL TERM
Topical Term Fortran77 (Computer program language)
942 ## - ADDED ENTRY ELEMENTS (KOHA)
Koha item type Books
Holdings
Withdrawn status Lost status Home library Current library Date acquired Full call number Accession Number Koha item type Collection code
    Central Library, QUEST, Nawabshah Central Library, QUEST, Nawabshah 12/08/2014 005.133PAT 22236 Books  
    Reference Section Reference Section 12/08/2014 005.133PAT (Shelf -08D) 22238 Books Reference
    Reference Section Reference Section 12/08/2014 005.133PAT (Shelf -08D) 22240 Books Reference
    Central Library, QUEST, Nawabshah Stacks area 12/08/2014 005.133PAT 22237 Books  
    Central Library, QUEST, Nawabshah Stacks area 12/08/2014 005.133PAT 22239 Books  

Copyright © 2018,The QUEST, Nawabshah, Shaheed Benazirabad. All rights reserved
Mr. G. Farooq Channar (Librarian) QUEST, Nawabshah, Sindh, Pakistan 67480.
 Ph#: |   0244-9370381-4 Ext. 2308   Email| lib@quest.edu.pk   Web|  http://www.quest.edu.pk